000
00291nam a2200109Ia 4500
008
190216s9999||||xx |||||||||||||| ||und||
100
_a
Muzaffer Imam
245
0
_a
Role Of Muslim In The National Movement 1912-1930
260
_b
"Mitta Publications, Delhi"
650
_a
History
942
_c
BK
999
_c
20167
_d
20167